[Event "Württemberg 2-Niedersachsen 2"]
[Site "Gladenbach"]
[Date "2011.09.12"]
[Round "2.1"]
[White "Hilburt, Leonid"]
[Black "Hottes, Dieter"]
[Result "1/2-1/2"]
[WhiteElo "1994"]
[BlackElo "2035"]
[PlyCount "65"]
[EventDate "2011.??.??"]
[WhiteTeam "Niedersachsen 2"]
[BlackTeam "Württemberg 2"]

1. e4 b6 2. d4 Bb7 3. Bd3 Nf6 4. f3 e6 5. Ne2 d5 6. e5 Nfd7 7. Be3 c5 8. c3 Be7
9. O-O Nc6 10. Nd2 Qc7 11. Rc1 c4 12. Bb1 b5 13. Qe1 O-O-O 14. b4 f5 15. Nf4
Nf8 16. Qg3 g6 17. Nh3 h6 18. f4 Rg8 19. Bc2 Nh7 20. Nf3 Kb8 21. a4 a6 22. axb5
axb5 23. Ra1 Rd7 24. Kh1 Qd8 25. Qf2 g5 26. Ne1 Nf8 27. Qd2 g4 28. Ng1 h5 29.
Ra2 Qb6 30. Ne2 h4 31. Ng1 Rd8 32. Qc1 Nd7 33. Ne2 {Rest nicht rekonstruierbar}
1/2-1/2

[Event "Württemberg 2-Niedersachsen 2"]
[Site "Gladenbach"]
[Date "2011.09.12"]
[Round "2.2"]
[White "Häcker, Johannes"]
[Black "Rickers, Gerd"]
[Result "1/2-1/2"]
[WhiteElo "2074"]
[BlackElo "1902"]
[PlyCount "78"]
[EventDate "2011.??.??"]
[WhiteTeam "Württemberg 2"]
[BlackTeam "Niedersachsen 2"]

1. c4 c5 2. Nc3 Nc6 3. Nf3 g6 4. g3 Bg7 5. Bg2 e5 6. d3 Nge7 7. Bd2 d6 8. Qc1
O-O 9. Rb1 f5 10. a3 a5 11. O-O Kh8 12. Bg5 Qc7 13. Ne1 Be6 14. Nc2 Bf6 15.
Bxf6+ Rxf6 16. f4 Bg8 17. Qd2 Rb8 18. Kh1 b6 19. Ne3 Rbf8 20. Ned5 Nxd5 21.
cxd5 Na7 22. Rfc1 Qe7 23. e4 b5 24. b4 cxb4 25. axb4 a4 26. Re1 Qg7 27. Ne2 Nc8
28. Qe3 fxe4 29. dxe4 Nb6 30. Qd3 Nc4 31. Rf1 Bf7 32. Bh3 Be8 33. Be6 Bd7 34.
f5 gxf5 35. Bxd7 Qxd7 36. exf5 Rg8 37. Nc3 Rg4 38. Ne2 Rf8 39. Rf2 Qa7 1/2-1/2

[Event "Württemberg 2-Niedersachsen 2"]
[Site "Gladenbach"]
[Date "2011.09.12"]
[Round "2.3"]
[White "Davydov, Mihail"]
[Black "Franck, Rudolf"]
[Result "1-0"]
[WhiteElo "1891"]
[BlackElo "2084"]
[PlyCount "89"]
[EventDate "2011.??.??"]
[WhiteTeam "Niedersachsen 2"]
[BlackTeam "Württemberg 2"]

1. e4 e5 2. Nf3 Nf6 3. Nc3 Nc6 4. Bb5 Bc5 5. O-O d6 6. d4 exd4 7. Nxd4 Bd7 8.
Nf5 h6 9. Nxg7+ Kf8 10. Nf5 Bxf5 11. exf5 Nd4 12. Bd3 Qd7 13. Be3 c6 14. Re1
Kg7 15. Ne4 Nxe4 16. Bxe4 Qe7 17. Bxd4+ Bxd4 18. Qxd4+ Qf6 19. c3 a5 20. f3 a4
21. a3 Ra5 22. Rad1 d5 23. Bb1 Rb5 24. Rd2 Ra8 25. Kf2 b6 26. Ree2 Rc5 27. g4
Rb5 28. h4 Rh8 29. Kg3 Rc5 30. Bd3 Qxd4 31. cxd4 Rc1 32. Rc2 Rd1 33. Red2 Rxd2
34. Rxd2 Rb8 35. Rc2 c5 36. Bb5 cxd4 37. Bxa4 b5 38. Bb3 b4 39. a4 Kf6 40. Kf4
Re8 41. Rd2 d3 42. g5+ hxg5+ 43. hxg5+ Kg7 44. Bd1 f6 45. g6 1-0

[Event "Württemberg 2-Niedersachsen 2"]
[Site "Gladenbach"]
[Date "2011.09.12"]
[Round "2.4"]
[White "Lainburg, Viktor"]
[Black "Rychlik, Kurt"]
[Result "0-1"]
[WhiteElo "2000"]
[BlackElo "1896"]
[PlyCount "132"]
[EventDate "2011.??.??"]
[WhiteTeam "Württemberg 2"]
[BlackTeam "Niedersachsen 2"]

1. b3 e5 2. Bb2 Nc6 3. e3 Nf6 4. Bb5 d6 5. d4 exd4 6. Bxc6+ bxc6 7. Qxd4 c5 8.
Qd2 Bb7 9. Nf3 Be7 10. Nc3 a5 11. O-O Qd7 12. Ne1 Ba6 13. Nd3 c4 14. bxc4 Bxc4
15. a4 O-O 16. Ba3 Rfe8 17. Rfe1 Qc6 18. e4 Nd7 19. Rab1 Bf6 20. Nb5 Nb6 21.
Nf4 Nxa4 22. Nd4 Qd7 23. Nd5 Bxd5 24. exd5 Nb6 25. Rxe8+ Rxe8 26. Nf3 a4 27. h3
Qf5 28. Rb5 h6 29. Qd3 Qxd3 30. cxd3 Bd8 31. Nd4 Re1+ 32. Kh2 Ra1 33. Bb4 Rb1
34. Nc2 Rb2 35. Na3 Rxf2 36. Nc4 Nxc4 37. dxc4 Kh7 38. Rb8 Bf6 39. Ra8 Be5+ 40.
Kg1 Ra2 41. Ba5 Bd4+ 42. Kh2 Be5+ 43. Kg1 Rc2 44. Bxc7 Rxc4 45. Bb6 Kg6 46. Kf2
Kf5 47. Ra7 Ke4 48. Rxf7 Kxd5 49. Ra7 Bb2 50. Ke3 a3 51. Ra5+ Ke6 52. Kd3 Rb4
53. Be3 Rb3+ 54. Ke2 Be5 55. Bc1 Bb2 56. Bf4 Bc3 57. Ra6 Rb2+ 58. Kf3 Bb4 59.
Bc1 Rb1 60. Be3 Rb3 61. Ke4 Rb2 62. g3 a2 63. Bd4 Rb3 64. Rxa2 Rxg3 65. Rh2 Bc5
66. Kf4 Bxd4 0-1

[Event "Mecklenburg VP 1-Baden 2"]
[Site "Gladenbach"]
[Date "2011.09.12"]
[Round "2.1"]
[White "Villing, Dieter"]
[Black "Wiemer, Jürgen"]
[Result "0-1"]
[WhiteElo "2056"]
[BlackElo "1972"]
[PlyCount "104"]
[EventDate "2011.??.??"]
[WhiteTeam "Baden 2"]
[BlackTeam "Mecklenburg VP 1"]

1. e4 e5 2. Nf3 Nc6 3. d4 exd4 4. Nxd4 Qf6 5. Be3 Bc5 6. c3 Qg6 7. Be2 d6 8.
Nb5 Bxe3 9. Nxc7+ Kd7 10. Nxa8 Qxg2 11. Rf1 Bf4 12. Bf3 Qg5 13. Qd5 Nge7 14.
Qxg5 Bxg5 15. Nd2 Bf4 16. Rg1 Ne5 17. Be2 g5 18. a4 h5 19. a5 g4 20. Nc4 N7c6
21. b4 Nxc4 22. Bxc4 Bxh2 23. Rg2 Be5 24. Kd2 Bf4+ 25. Kc2 Ne5 26. Be2 Kd8 27.
b5 f5 28. b6 a6 29. Rd1 Nc6 30. Nc7 Nxa5 31. Nd5 Be5 32. f4 gxf3 33. Bxf3 h4
34. Ne3 f4 35. Nd5 Be6 36. Rgg1 Nc4 37. Ra1 Bxd5 38. exd5 Nxb6 39. Rab1 Kc7 40.
Rb4 Nd7 41. Re4 Rh7 42. Re2 b5 43. Rg8 a5 44. Rh2 a4 45. Rh3 Kb6 46. Be2 Bf6
47. Rc8 Be5 48. Rh1 b4 49. cxb4 Kb7 50. Rg8 Nf6 51. Rf8 Rc7+ 52. Kb1 Ne4 {Rest
nicht lesbar} 0-1

[Event "Mecklenburg VP 1-Baden 2"]
[Site "Gladenbach"]
[Date "2011.09.12"]
[Round "2.2"]
[White "Jabbusch, Burkhard"]
[Black "Striebich, Rudolf"]
[Result "1/2-1/2"]
[WhiteElo "1879"]
[BlackElo "2036"]
[PlyCount "106"]
[EventDate "2011.??.??"]
[WhiteTeam "Mecklenburg VP 1"]
[BlackTeam "Baden 2"]

1. f4 d5 2. Nf3 Nf6 3. d4 e6 4. e3 c5 5. c3 a6 6. Bd3 Nbd7 7. Nbd2 b5 8. O-O
Bb7 9. h3 g6 10. Ne5 Bg7 11. Qf3 O-O 12. g4 Nxe5 13. dxe5 Nd7 14. g5 Qb6 15.
Qf2 Rfd8 16. Nf3 a5 17. Bd2 b4 18. Rab1 Ba6 19. Bxa6 Qxa6 20. Kg2 Rab8 21. h4
Qd3 22. h5 Nb6 23. cxb4 axb4 24. Rbd1 Qe4 25. hxg6 hxg6 26. Kg3 Ra8 27. Ra1 Na4
28. b3 Nc3 29. Bxc3 bxc3 30. Rfe1 Qb4 31. Rac1 c4 32. Nd4 Rdc8 33. Rc2 cxb3 34.
axb3 Rc5 35. Rec1 Rac8 36. Ra1 Qb7 37. Qe1 Bf8 38. Kf3 R5c7 39. Rb1 Bb4 40. Qh4
Bf8 41. b4 Rc4 42. b5 Qb6 43. Rh1 Bg7 44. Ra1 Rxd4 45. exd4 Qxd4 46. Qf2 Qd3+
47. Kg2 Qxb5 48. Rd1 Rc4 49. Qf3 Bf8 50. Kg3 Qc5 51. Rh1 Qd4 52. Rd1 Qc5 53.
Qd3 Qc8 {nicht mehr lesbar} 1/2-1/2

[Event "Mecklenburg VP 1-Baden 2"]
[Site "Gladenbach"]
[Date "2011.09.12"]
[Round "2.3"]
[White "Sandmeier, Toni"]
[Black "Krüger, Gerhard"]
[Result "1-0"]
[WhiteElo "2135"]
[BlackElo "1908"]
[PlyCount "73"]
[EventDate "2011.??.??"]
[WhiteTeam "Baden 2"]
[BlackTeam "Mecklenburg VP 1"]

1. c4 Nf6 2. g3 e6 3. b3 d5 4. Bb2 c6 5. Nf3 Be7 6. Bg2 Nbd7 7. O-O O-O 8. d3
b6 9. Nbd2 Bb7 10. Qc2 Rc8 11. e4 Qc7 12. Rfe1 dxe4 13. dxe4 e5 14. Qc3 Bd6 15.
Rad1 Rcd8 16. Nh4 g6 17. h3 Nh5 18. Ndf3 f6 19. Nh2 Rf7 20. Bf3 Ng7 21. Ng4 Re7
22. Qd2 Ne8 23. b4 c5 24. b5 Nf8 25. Nh6+ Kg7 26. Bg4 Bc8 27. Bxc8 Qxc8 28. Ng4
Bc7 29. Qh6+ Kg8 30. f4 exf4 31. Bxf6 Nxf6 32. Nxf6+ Kh8 33. gxf4 Rf7 34. e5
Rxd1 35. Rxd1 Rg7 36. Kh2 Ne6 37. Nxg6+ 1-0

[Event "Mecklenburg VP 1-Baden 2"]
[Site "Gladenbach"]
[Date "2011.09.12"]
[Round "2.4"]
[White "Kühn, Peter"]
[Black "Funk, Paul"]
[Result "1-0"]
[WhiteElo "1826"]
[BlackElo "1940"]
[PlyCount "83"]
[EventDate "2011.??.??"]
[WhiteTeam "Mecklenburg VP 1"]
[BlackTeam "Baden 2"]

1. e4 e5 2. Nf3 Nc6 3. d4 exd4 4. Nxd4 Bc5 5. Be3 Qf6 6. c3 Nge7 7. Bc4 d6 8.
O-O Ne5 9. Be2 c6 10. f4 Nd7 11. Nd2 h5 12. N2f3 g6 13. a4 a5 14. Qd2 Qg7 15.
b4 Bb6 16. bxa5 Bxa5 17. Rac1 Bc7 18. Ra1 Nf6 19. Ng5 Ng4 20. Bxg4 hxg4 21. g3
d5 22. e5 Nf5 23. Nxf5 Bxf5 24. Qb2 Bc8 25. Bc5 Rh5 26. Rfe1 Bd8 27. e6 f6 28.
Nf7 Bc7 29. Nd6+ Bxd6 30. Bxd6 Qh8 31. Re2 Qh7 32. e7 Ra6 33. c4 Qf7 34. Rd1
dxc4 35. Bc7 Rd5 36. Rxd5 cxd5 37. Qb5+ Rc6 38. a5 f5 39. a6 Qf6 40. Re5 c3 41.
axb7 Bxb7 42. Qxb7 1-0

[Event "Mecklenburg VP 2-Schleswig Holstein 1"]
[Site "Gladenbach"]
[Date "2011.09.12"]
[Round "2.1"]
[White "Salov, Sergej"]
[Black "Pamperin, Gerhard"]
[Result "1-0"]
[WhiteElo "2221"]
[BlackElo "1805"]
[PlyCount "45"]
[EventDate "2011.??.??"]
[WhiteTeam "Schleswig Holstein 1"]
[BlackTeam "Mecklenburg VP 2"]

1. e4 e6 2. d4 d5 3. Nd2 dxe4 4. Nxe4 Nd7 5. Nf3 Ngf6 6. Nxf6+ Nxf6 7. Bd3 c5
8. O-O Bd7 9. dxc5 Bxc5 10. Ne5 O-O 11. Bg5 Be8 12. Qf3 Be7 13. Qh3 h6 14. Bxh6
gxh6 15. Qxh6 Qd4 16. Rae1 Bb5 17. Re3 Qxe3 18. fxe3 Bxd3 19. cxd3 Nh7 20. Rf3
Bg5 21. Rg3 f6 22. Qg6+ Kh8 23. Rh3 1-0

[Event "Mecklenburg VP 2-Schleswig Holstein 1"]
[Site "Gladenbach"]
[Date "2011.09.12"]
[Round "2.2"]
[White "Nauschütz, Ernst"]
[Black "Neumann, Joachim"]
[Result "0-1"]
[WhiteElo "1844"]
[BlackElo "2040"]
[PlyCount "80"]
[EventDate "2011.??.??"]
[WhiteTeam "Mecklenburg VP 2"]
[BlackTeam "Schleswig Holstein 1"]

1. c4 e5 2. g3 Nf6 3. Bg2 d5 4. cxd5 Nxd5 5. Nc3 Nb6 6. Nf3 Nc6 7. O-O Be7 8.
a3 Be6 9. b4 f6 10. d3 O-O 11. Bb2 Qd7 12. Ne4 Nd4 13. Nfd2 Na4 14. Bxd4 exd4
15. Nc4 f5 16. Nc5 Bxc5 17. bxc5 Nxc5 18. Qc2 Bd5 19. Ne5 Qd6 20. Rfc1 b6 21.
Bxd5+ Qxd5 22. Qc4 Qxc4 23. Rxc4 Rf6 24. Rb1 Rd8 25. h4 f4 26. Nf3 fxg3 27.
fxg3 Rfd6 28. Rb2 Ne6 29. a4 Rd5 30. Kf2 h6 31. Ra2 R8d6 32. Nd2 Rf5+ 33. Kg2
Rdd5 34. Nb3 g5 35. a5 gxh4 36. gxh4 Rd7 37. Kh2 Rf4 38. Kh3 Rg7 39. axb6 Rf1
40. Nxd4 Rh1# 0-1

[Event "Mecklenburg VP 2-Schleswig Holstein 1"]
[Site "Gladenbach"]
[Date "2011.09.12"]
[Round "2.3"]
[White "Böttcher, Ulrich"]
[Black "Krieg, Peter"]
[Result "1/2-1/2"]
[WhiteElo "2007"]
[BlackElo "1738"]
[PlyCount "37"]
[EventDate "2011.??.??"]
[WhiteTeam "Schleswig Holstein 1"]
[BlackTeam "Mecklenburg VP 2"]

1. c4 e5 2. Nc3 Nf6 3. g3 Bc5 4. Bg2 O-O 5. a3 c6 6. b4 Bb6 7. c5 Bc7 8. Nf3 d5
9. cxd6 Qxd6 10. O-O Bf5 11. Bb2 Nbd7 12. Nh4 Be6 13. b5 Nc5 14. d3 Ba5 15. Nf3
Bb3 16. Qc1 Rfe8 17. Nd2 Rac8 18. bxc6 bxc6 19. Nc4 1/2-1/2

[Event "Mecklenburg VP 2-Schleswig Holstein 1"]
[Site "Gladenbach"]
[Date "2011.09.12"]
[Round "2.4"]
[White "Segebarth, Bernd"]
[Black "Seeck, Klaus"]
[Result "1/2-1/2"]
[WhiteElo "1646"]
[BlackElo "1916"]
[PlyCount "53"]
[EventDate "2011.??.??"]
[WhiteTeam "Mecklenburg VP 2"]
[BlackTeam "Schleswig Holstein 1"]

1. e4 e6 2. d4 d5 3. Nd2 Nf6 4. e5 Nfd7 5. Bd3 c5 6. c3 Nc6 7. Ne2 cxd4 8. cxd4
Qb6 9. Nf3 f6 10. exf6 Nxf6 11. O-O Bd6 12. Nc3 O-O 13. a3 Bd7 14. b4 Kh8 15.
Na4 Qd8 16. Nc5 b6 17. Nxd7 Qxd7 18. Bb5 a6 19. Bd3 e5 20. dxe5 Nxe5 21. Nxe5
Bxe5 22. Ra2 a5 23. b5 Qd6 24. h3 Rac8 25. a4 Qd7 26. Ba3 Bd6 27. Qb1 1/2-1/2

[Event "Hessen 3-Rheinlandpfalz"]
[Site "Gladenbach"]
[Date "2011.09.12"]
[Round "2.1"]
[White "Müller, Lutz"]
[Black "Kripp, Wolfgang"]
[Result "1/2-1/2"]
[WhiteElo "1908"]
[BlackElo "1963"]
[PlyCount "117"]
[EventDate "2011.??.??"]
[WhiteTeam "Rheinlandpfalz"]
[BlackTeam "Hessen 3"]

1. d4 d5 2. Nf3 Nf6 3. e3 c6 4. b3 Bg4 5. Be2 e6 6. Bb2 Nbd7 7. Nbd2 Bd6 8. Ne5
Bxe2 9. Qxe2 O-O 10. O-O Ne4 11. f4 Nxd2 12. Qxd2 Nf6 13. c4 Ne4 14. Qe1 f6 15.
Nd3 b6 16. Nf2 a5 17. Nxe4 dxe4 18. Rd1 Qe7 19. Qe2 a4 20. Qc2 a3 21. Bc3 f5
22. Qd2 Rfd8 23. Qe1 Ra7 24. Rf2 Rad7 25. Rb1 c5 26. Rf1 Qf8 27. g3 Be7 28.
dxc5 bxc5 29. Ba5 Rc8 30. Rf2 Bd8 31. Bc3 Bf6 32. b4 Rd3 33. Bxf6 gxf6 34. b5
Qd6 35. Re2 Qb6 36. Rd2 Qd6 37. Rc2 Rd8 38. b6 Rb8 39. b7 Qd7 40. Rc3 Rxb7 41.
Rxb7 Qxb7 42. Rc2 Qd7 43. Kg2 Rd1 44. Qf2 Qd3 45. Re2 Rb1 46. Kh3 Rd1 47. g4
fxg4+ 48. Kxg4 Qxc4 49. Kh4 Qd5 50. Qg3+ Kf7 51. Rg2 Ke7 52. Qg8 Kd6 53. Qb8+
Kc6 54. Rg7 Qd8 55. Qb7+ Kd6 56. Qa6+ Kd5 57. Qb7+ Kd6 58. Qa6+ Kd5 59. Qb7+
1/2-1/2

[Event "Hessen 3-Rheinlandpfalz"]
[Site "Gladenbach"]
[Date "2011.09.12"]
[Round "2.2"]
[White "Orwatsch, Gerhard"]
[Black "Schwertel, Johann"]
[Result "1-0"]
[WhiteElo "1991"]
[BlackElo "1894"]
[PlyCount "63"]
[EventDate "2011.??.??"]
[WhiteTeam "Hessen 3"]
[BlackTeam "Rheinlandpfalz"]

1. d4 d5 2. Bf4 Nf6 3. Nf3 c6 4. c3 Qb6 5. Qb3 Nbd7 6. Nbd2 e6 7. e3 Be7 8. h3
O-O 9. Be2 c5 10. O-O c4 11. Qc2 Bd6 12. b3 Bxf4 13. exf4 cxb3 14. axb3 Qc7 15.
Ne5 Nxe5 16. fxe5 Nd7 17. Bd3 h6 18. c4 dxc4 19. bxc4 Nb6 20. Ne4 Bd7 21. Qe2
Bc6 22. Nd6 Nc8 23. c5 Ne7 24. f4 f5 25. g4 g6 26. Kh2 Kh7 27. Rg1 a6 28. gxf5
Nxf5 29. Bxf5 gxf5 30. Qh5 Be8 31. Nxe8 Raxe8 32. Rg6 1-0

[Event "Hessen 3-Rheinlandpfalz"]
[Site "Gladenbach"]
[Date "2011.09.12"]
[Round "2.3"]
[White "Walter, Berthold"]
[Black "Biller, Helmut"]
[Result "0-1"]
[WhiteElo "1910"]
[BlackElo "1973"]
[PlyCount "68"]
[EventDate "2011.??.??"]
[WhiteTeam "Rheinlandpfalz"]
[BlackTeam "Hessen 3"]

1. e4 d6 2. d4 Nf6 3. Nc3 g6 4. Nf3 Bg7 5. Bc4 O-O 6. Qe2 c6 7. a4 d5 8. exd5
cxd5 9. Bb3 Bg4 10. h3 Bxf3 11. Qxf3 Nc6 12. Ne2 Qb6 13. O-O e6 14. a5 Nxa5 15.
Ba4 Nc6 16. c3 Rac8 17. Bf4 Ne4 18. Qe3 Rfd8 19. f3 Nd6 20. b3 h6 21. Rfd1 Kh7
22. Bxc6 Rxc6 23. g4 Nb5 24. Rac1 Rdc8 25. Kg2 a6 26. g5 h5 27. Rd3 Nd6 28. Be5
Nf5 29. Qf4 Qxb3 30. Bxg7 Kxg7 31. Qe5+ Kg8 32. Rcd1 Qb6 33. Qf6 Qd8 34. Qe5
Qxg5+ 0-1

[Event "Hessen 3-Rheinlandpfalz"]
[Site "Gladenbach"]
[Date "2011.09.12"]
[Round "2.4"]
[White "Falk, Thomas"]
[Black "Neumann, Horst"]
[Result "1-0"]
[WhiteElo "1982"]
[BlackElo "1764"]
[PlyCount "107"]
[EventDate "2011.??.??"]
[WhiteTeam "Hessen 3"]
[BlackTeam "Rheinlandpfalz"]

1. Nf3 d5 2. d4 Nf6 3. c4 c6 4. Nc3 g6 5. Qb3 dxc4 6. Qxc4 Bg7 7. Bg5 O-O 8. e3
b5 9. Qb3 Be6 10. Qc2 Nbd7 11. Be2 Rc8 12. O-O Nb6 13. Rfd1 h6 14. Bxf6 Bxf6
15. Ne4 Bg7 16. Nc5 Bc4 17. b3 Bxe2 18. Qxe2 Nd5 19. Rac1 Re8 20. e4 Nf4 21.
Qe3 g5 22. Nd3 Ng6 23. e5 e6 24. Nc5 Bf8 25. Ne4 Be7 26. h3 Nf4 27. Nh2 Nd5 28.
Qf3 Kg7 29. Ng3 Rh8 30. Nh5+ Kf8 31. Ng4 Qe8 32. Qe4 Qd7 33. Rd3 Ba3 34. Rcd1
Ke7 35. Rf3 Rcf8 36. Nhf6 Qc7 37. Qb1 Bb4 38. Qc2 Rc8 39. Ne4 Qb6 40. Ngf6 Nf4
41. Kh2 Rhd8 42. g3 Ng6 43. Rfd3 Kf8 44. Qc1 Be7 45. h4 Bxf6 46. Nxf6 gxh4 47.
Qxh6+ Ke7 48. Qg5 hxg3+ 49. fxg3 Qa6 50. R1d2 Rh8+ 51. Kg1 Qa3 52. Rf2 Rh3 53.
Kg2 Rch8 54. Nh5+ 1-0

[Event "Bayern 2-Bremen"]
[Site "Gladenbach"]
[Date "2011.09.12"]
[Round "2.1"]
[White "Schoene, Armin"]
[Black "Fischer, Gerd"]
[Result "0-1"]
[WhiteElo "2017"]
[BlackElo "2039"]
[PlyCount "76"]
[EventDate "2011.??.??"]
[WhiteTeam "Bremen"]
[BlackTeam "Bayern 2"]

1. e4 Nc6 2. Nf3 e5 3. Bb5 d6 4. d4 exd4 5. Nxd4 Bd7 6. Nc3 Nxd4 7. Bxd7+ Qxd7
8. Qxd4 Ne7 9. O-O Nc6 10. Qd1 O-O-O 11. Be3 Re8 12. Qe2 f5 13. f3 a6 14. Rab1
g6 15. b4 Bg7 16. Qc4 fxe4 17. b5 Bxc3 18. Qxc3 axb5 19. Rxb5 exf3 20. Qa3 Qg4
21. Rxf3 Ne5 22. Rxe5 dxe5 23. Qa8+ Kd7 24. Qxb7 Qc4 25. Bb6 e4 26. Rf1 Rb8 27.
Rd1+ Ke6 28. Qxc7 Qxc7 29. Bxc7 Rbc8 30. Bb6 Rxc2 31. a4 Ra2 32. a5 Rc8 33. Re1
Ke5 34. g3 Rcc2 35. h4 Kf5 36. Rf1+ Kg4 37. Rf2 Rxf2 38. Bxf2 Rxa5 0-1

[Event "Bayern 2-Bremen"]
[Site "Gladenbach"]
[Date "2011.09.12"]
[Round "2.2"]
[White "Hein, Manfred"]
[Black "Gerhardt, Peter-Michael"]
[Result "1-0"]
[WhiteElo "1916"]
[BlackElo "1916"]
[PlyCount "103"]
[EventDate "2011.??.??"]
[WhiteTeam "Bayern 2"]
[BlackTeam "Bremen"]

1. d4 Nf6 2. c4 c5 3. d5 b5 4. cxb5 a6 5. bxa6 Bxa6 6. Nc3 g6 7. e4 Bxf1 8.
Kxf1 d6 9. g3 Bg7 10. Kg2 O-O 11. Nge2 Qb6 12. Rb1 Na6 13. a3 Rfb8 14. h3 Nc7
15. Bg5 Qb3 16. Qxb3 Rxb3 17. Nc1 Rb7 18. Nd3 h6 19. Bd2 Nb5 20. f3 Nd7 21.
Nxb5 Rxb5 22. Kf2 Rb3 23. Ke2 Ne5 24. Nxe5 Bxe5 25. Bxh6 Rab8 26. Rhd1 Bxb2 27.
Rd3 c4 28. Rxb3 Rxb3 29. a4 c3 30. Kd3 Ra3 31. Bc1 Rxa4 32. Bxb2 cxb2 33. Rxb2
Kg7 34. Ke3 Kf6 35. h4 Ra1 36. Kf4 Ra7 37. Rh2 e6 38. dxe6 fxe6 39. Rd2 Rd7 40.
Ke3 Ke7 41. g4 Rd8 42. Kf4 Kf6 43. g5+ Ke7 44. Kg4 d5 45. exd5 exd5 46. h5
gxh5+ 47. Kxh5 Ke6 48. Kg4 Ke5 49. f4+ Ke4 50. f5 d4 51. g6 Ke5 52. Kg5 1-0

[Event "Bayern 2-Bremen"]
[Site "Gladenbach"]
[Date "2011.09.12"]
[Round "2.3"]
[White "Pundt, Wilfried"]
[Black "Anliker, Peter"]
[Result "1/2-1/2"]
[WhiteElo "1760"]
[BlackElo "1868"]
[PlyCount "51"]
[EventDate "2011.??.??"]
[WhiteTeam "Bremen"]
[BlackTeam "Bayern 2"]

1. e4 c5 2. b4 cxb4 3. a3 bxa3 4. d4 d6 5. Bd3 Nf6 6. f4 e6 7. Nf3 Be7 8. Nxa3
d5 9. e5 Ne4 10. Bd2 Nc6 11. c3 Nxd2 12. Nxd2 a6 13. O-O Rb8 14. Nc2 b5 15. Qg4
g6 16. Nf3 b4 17. cxb4 Nxb4 18. Nxb4 Rxb4 19. Bxa6 Bxa6 20. Rxa6 Qb8 21. Ng5
Rb1 22. Ra1 Rxa1 23. Rxa1 h5 24. Qd1 O-O 25. h3 Rc8 26. Rb1 1/2-1/2

[Event "Bayern 2-Bremen"]
[Site "Gladenbach"]
[Date "2011.09.12"]
[Round "2.4"]
[White "Ganslmayer, Herbert"]
[Black "Dietrich, Igor"]
[Result "0-1"]
[WhiteElo "1678"]
[BlackElo "1716"]
[PlyCount "64"]
[EventDate "2011.??.??"]
[WhiteTeam "Bayern 2"]
[BlackTeam "Bremen"]

1. d3 d5 2. Nd2 Nf6 3. g3 Bf5 4. Bg2 e5 5. e4 dxe4 6. dxe4 Bg6 7. Ngf3 Nc6 8.
Nh4 Bh5 9. Nhf3 Bc5 10. O-O Qe7 11. Qe2 Nd4 12. Qc4 b5 13. Qd3 Rd8 14. Nxd4 O-O
15. Qxb5 Bxd4 16. c3 Bb6 17. Nf3 Rfe8 18. Bg5 h6 19. Bxf6 Qxf6 20. Nh4 c6 21.
Qc4 Rd2 22. Nf5 Be2 23. Qa4 Bxf1 24. Rxf1 Rxb2 25. Qc4 Qe6 26. Qa4 Rxa2 27. Qd1
Rd8 28. Qg4 Qf6 29. Ne3 Rdd2 30. Bf3 g6 31. Rd1 Rxf2 32. Qc8+ Kg7 0-1

[Event "Schleswig Holstein 2-Sachsen Anhalt 2"]
[Site "Gladenbach"]
[Date "2011.09.12"]
[Round "2.1"]
[White "Hamm, Georg"]
[Black "Böhm, Eckart"]
[Result "1/2-1/2"]
[WhiteElo "2022"]
[BlackElo "1916"]
[PlyCount "69"]
[EventDate "2011.??.??"]
[WhiteTeam "Sachsen Anhalt 2"]
[BlackTeam "Schleswig Holstein 2"]

1. g3 e5 2. c4 Nf6 3. Nc3 Bc5 4. Bg2 c6 5. Qb3 O-O 6. e3 d6 7. Nge2 Re8 8. O-O
Nbd7 9. d3 Bb6 10. Qc2 a5 11. d4 Nf8 12. Rd1 Qe7 13. b3 Bg4 14. f3 Bh5 15. Na4
Bg6 16. e4 Bxd4+ 17. Nxd4 exd4 18. Rxd4 Ne6 19. Rd1 d5 20. cxd5 Nxd5 21. Qf2
Ndc7 22. Nb6 Rad8 23. Be3 Nb5 24. Bf1 Rxd1 25. Rxd1 Rd8 26. Rxd8+ Qxd8 27. Bxb5
cxb5 28. Nd5 f5 29. Bb6 Qd7 30. Qe2 fxe4 31. fxe4 Ng5 32. Nc3 b4 33. Qc4+ Bf7
34. Nd5 Nxe4 35. Qxe4 1/2-1/2

[Event "Schleswig Holstein 2-Sachsen Anhalt 2"]
[Site "Gladenbach"]
[Date "2011.09.12"]
[Round "2.2"]
[White "Lehmann, Erwin"]
[Black "Liebscher, Helmar"]
[Result "0-1"]
[WhiteElo "1931"]
[BlackElo "1990"]
[PlyCount "34"]
[EventDate "2011.??.??"]
[WhiteTeam "Schleswig Holstein 2"]
[BlackTeam "Sachsen Anhalt 2"]

1. c4 Nf6 2. g3 e6 3. Bg2 d5 4. Nf3 Be7 5. O-O O-O 6. b3 b6 7. Bb2 Bb7 8. cxd5
exd5 9. d4 Nbd7 10. Nc3 Ne4 11. Ne5 Nxe5 12. Nxe4 dxe4 13. dxe5 Qxd1 14. Rfxd1
Rfd8 15. Bd4 Ba3 16. f4 exf3 17. exf3 Rxd4 0-1

[Event "Schleswig Holstein 2-Sachsen Anhalt 2"]
[Site "Gladenbach"]
[Date "2011.09.12"]
[Round "2.3"]
[White "Kirmas, Joachim"]
[Black "Meyer, Heinz"]
[Result "1/2-1/2"]
[WhiteElo "1957"]
[BlackElo "1852"]
[PlyCount "28"]
[EventDate "2011.??.??"]
[WhiteTeam "Sachsen Anhalt 2"]
[BlackTeam "Schleswig Holstein 2"]

1. e4 c6 2. Nf3 d5 3. Nc3 Bg4 4. h3 Bxf3 5. Qxf3 e6 6. e5 a6 7. d4 c5 8. dxc5
Bxc5 9. Qg3 Kf8 10. Bd2 Ne7 11. Bd3 Nbc6 12. a3 Ng6 13. Bxg6 hxg6 14. O-O-O Qh4
1/2-1/2

[Event "Schleswig Holstein 2-Sachsen Anhalt 2"]
[Site "Gladenbach"]
[Date "2011.09.12"]
[Round "2.4"]
[White "Meiwald, Gerhard"]
[Black "Just, Joachim"]
[Result "1/2-1/2"]
[WhiteElo "1843"]
[BlackElo "1894"]
[PlyCount "24"]
[EventDate "2011.??.??"]
[WhiteTeam "Schleswig Holstein 2"]
[BlackTeam "Sachsen Anhalt 2"]

1. d4 d5 2. Nf3 Nf6 3. Bf4 c6 4. c3 g6 5. Nbd2 Bg7 6. e3 O-O 7. Bd3 Bf5 8. Bxf5
gxf5 9. Ne5 Nbd7 10. O-O Ne4 11. Nxe4 fxe4 12. Qh5 Nxe5 1/2-1/2

[Event "Hessen 1-Berlin 1"]
[Site "Gladenbach"]
[Date "2011.09.13"]
[Round "3.2"]
[White "Klundt, Klaus"]
[Black "Thormann, Wolfgang"]
[Result "1/2-1/2"]
[WhiteElo "2356"]
[BlackElo "2203"]
[PlyCount "41"]
[EventDate "2011.??.??"]
[WhiteTeam "Hessen 1"]
[BlackTeam "Berlin 1"]

1. e4 e6 2. d4 d5 3. Nd2 Nf6 4. e5 Nfd7 5. f4 c5 6. c3 Nc6 7. Ndf3 cxd4 8. cxd4
Qb6 9. g3 f6 10. Bh3 Bb4+ 11. Kf1 O-O 12. Kg2 Kh8 13. Ne2 fxe5 14. dxe5 Ndxe5
15. fxe5 Nxe5 16. Rf1 Nxf3 17. Rxf3 Rxf3 18. Kxf3 e5 19. Kg2 Bxh3+ 20. Kxh3
Qe6+ 21. g4 1/2-1/2

[Event "Hessen 1-Berlin 1"]
[Site "Gladenbach"]
[Date "2011.09.13"]
[Round "3.3"]
[White "Brameyer, Hermann"]
[Black "Haakert, Jürgen"]
[Result "0-1"]
[WhiteElo "2109"]
[BlackElo "2319"]
[PlyCount "40"]
[EventDate "2011.??.??"]
[WhiteTeam "Berlin 1"]
[BlackTeam "Hessen 1"]

1. c4 g6 2. Nc3 Bg7 3. g3 Nf6 4. Bg2 O-O 5. e4 c5 6. Nge2 Nc6 7. d3 d6 8. O-O
Rb8 9. h3 Ne8 10. Bg5 Nc7 11. Qd2 b5 12. Rad1 bxc4 13. dxc4 Ne6 14. Be3 Ned4
15. f4 Qa5 16. b3 Bb7 17. Nb5 Nxe2+ 18. Qxe2 a6 19. Bd2 Qxa2 20. Nc3 Bxc3 0-1

[Event "Hessen 1-Berlin 1"]
[Site "Gladenbach"]
[Date "2011.09.13"]
[Round "3.4"]
[White "Haubt, Georg"]
[Black "Sprotte, Norbert"]
[Result "1/2-1/2"]
[WhiteElo "2147"]
[BlackElo "2146"]
[PlyCount "36"]
[EventDate "2011.??.??"]
[WhiteTeam "Hessen 1"]
[BlackTeam "Berlin 1"]

1. e4 e6 2. d3 d5 3. Nd2 Nf6 4. g3 dxe4 5. dxe4 Nc6 6. Ngf3 Bc5 7. Bg2 e5 8.
O-O O-O 9. h3 a5 10. Qe2 b6 11. Rd1 Ba6 12. c4 Qe7 13. Nf1 Nd4 14. Nxd4 Bxd4
15. Be3 Rad8 16. g4 Qc5 17. Rac1 Rfe8 18. Bg5 Re6 1/2-1/2

[Event "Bayern 1-NRW 1"]
[Site "Gladenbach"]
[Date "2011.09.13"]
[Round "3.1"]
[White "Khanukov, Boris"]
[Black "Scheipl, Ralf"]
[Result "1-0"]
[WhiteElo "2222"]
[BlackElo "2204"]
[PlyCount "60"]
[EventDate "2011.??.??"]
[WhiteTeam "NRW 1"]
[BlackTeam "Bayern 1"]

1. d4 Nf6 2. Nf3 g6 3. c4 Bg7 4. Nc3 d6 5. e4 O-O 6. Be2 e5 7. O-O Nbd7 8. Re1
c6 9. Bf1 Re8 10. d5 cxd5 11. cxd5 a6 12. a4 Rf8 13. Nd2 Ne8 14. Nc4 f5 15. f3
Nef6 16. Be3 fxe4 17. fxe4 Ne8 18. Be2 Bf6 19. Qd2 Nc5 20. Ra3 a5 21. Bf3 b6
22. Nb5 Ba6 23. Bxc5 bxc5 24. Qxa5 Qe7 25. Qd2 Bg5 26. Qe2 Qd8 27. Bg4 Be7 28.
Be6+ Kg7 29. Rf3 Rxf3 30. Qxf3 Bf6 1-0